[Event "Cammeray Norths op"]
[Site "Cammeray"]
[Date "2011.01.05"]
[Round "4"]
[White "Garner, Stephen J"]
[Black "Redgrave, Andrew"]
[Result "1-0"]
[WhiteElo "1570"]
[BlackElo "1295"]
[PlyCount "105"]
[EventDate "2011.01.02"]
[EventType "swiss"]
[EventRounds "7"]
[EventCountry "AUS"]
[SourceTitle "EXT 2013"]
[Source "ChessBase"]
[SourceDate "2012.11.22"]
[SourceVersion "1"]
[SourceVersionDate "2012.11.22"]
[SourceQuality "1"]

1. e4 e6 2. d4 d5 3. Nd2 dxe4 4. Nxe4 Nd7 5. Nf3 Ngf6 6. Nxf6+ Nxf6 7. Bd3 a6 8. 0-0 b5 9. Re1 Bb7 10. c3 c5 11. dxc5 Bxc5 12. Bg5 0-0 13. Qe2 Be7 14. Rad1 Qc7 15. Ne5 Nd5 16. Bxe7 Qxe7 17. Qh5 h6 18. g3 Rac8 19. Bf1 Rfd8 20. Bh3 Nf6 21. Qe2 Ne4 22. Rxd8+ Rxd8 23. Rd1 Rxd1+ 24. Qxd1 Nxf2 25. Kxf2 Qc5+ 26. Qd4 Qc7 27. Bg2 f6 28. Bxb7 Qxb7 29. Qd8+ Kh7 30. Qd3+ Kg8 31. Nf3 e5 32. Qe3 Qd5 33. b3 e4 34. Nd2 f5 35. Qd4 Qe6 36. c4 bxc4 37. Qxc4 e3+ 38. Ke2 Qxc4+ 39. Nxc4 Kf7 40. Kxe3 Ke6 41. Kd4 g5 42. a4 h5 43. a5 h4 44. Ne5 h3 45. Nd3 Kd6 46. Nf2 g4 47. Nd3 Kc6 48. Ke5 Kb5 49. Kxf5 Kxa5 50. Kxg4 Kb5 51. Kf4 Kc6 52. Ke5 a5 53. g4 1-0

[Event "Cammeray Norths op"]
[Site "Cammeray"]
[Date "2011.01.04"]
[Round "3"]
[White "Teymant, Roy"]
[Black "Garner, Stephen J"]
[Result "0-1"]
[WhiteElo "1036"]
[BlackElo "1570"]
[PlyCount "124"]
[EventDate "2011.01.02"]
[EventType "swiss"]
[EventRounds "7"]
[EventCountry "AUS"]
[SourceTitle "EXT 2013"]
[Source "ChessBase"]
[SourceDate "2012.11.22"]
[SourceVersion "1"]
[SourceVersionDate "2012.11.22"]
[SourceQuality "1"]

1. e4 c5 2. Nf3 d6 3. Nc3 Nf6 4. Bc4 Nc6 5. d3 e6 6. a3 a6 7. Be3 b5 8. Ba2 Bb7 9. Ne2 Be7 10. h3 0-0 11. c3 Qc7 12. Qd2 d5 13. exd5 Nxd5 14. 0-0 Rad8 15. d4 c4 16. Rae1 e5 17. Bb1 Nf6 18. Qc2 exd4 19. Nfxd4 Nxd4 20. Bxd4 Be4 21. Qc1 Bxb1 22. Qxb1 Qc6 23. Ng3 Rfe8 24. Re2 Bc5 25. Bxc5 Qxc5 26. Rfe1 Kf8 27. Rxe8+ Rxe8 28. Rxe8+ Kxe8 29. Qe1+ Kd8 30. Qd2+ Qd5 31. Qe3 Qd1+ 32. Kh2 Qd6 33. Kg1 g6 34. Ne4 Nxe4 35. Qxe4 h5 36. Qa8+ Ke7 37. Qe4+ Qe6 38. Qb7+ Kf8 39. Kf1 Qd6 40. Qe4 Qd1+ 41. Qe1 Qc2 42. Qe2 Qc1+ 43. Qe1 Qxb2 44. Qe5 Qc1+ 45. Ke2 Qc2+ 46. Kf3 Qd3+ 47. Qe3 Qxe3+ 48. Kxe3 Ke7 49. Kd4 Kd6 50. a4 bxa4 51. Kxc4 a3 52. Kb3 Kc5 53. f3 h4 54. Kxa3 Kc4 55. Kb2 g5 56. Kc2 a5 57. Kb2 a4 58. Ka3 Kxc3 59. Kxa4 Kd3 60. Kb4 Ke3 61. Kc4 Kf2 62. Kd4 Kxg2 0-1